00270nam a2200109Ia 4500008004100000100003600041245002200077260003000099300000900129942000700138999001500145190216s9999||||xx |||||||||||||| ||und|| aSundharam Kpm&Amp; Sundharam En 0aEconomic Analysis bSulthan Chand&Sonsc1983 a576p cBK c9581d9581